00859nam a2200181 a 450000100100000000500170001000800410002704000250006811001030009324500630019626000460025930000280030549000520033383000590038595201050044495201110054999900170066000004245620201002040153.0131203s2004 dr a 000 0 spa d aDO-SdBNPbspacBNPHU2 aReública DominicanabComisión Presidencial para la reforma y Modernización del Estado95678910aManual del ayuntamiento :bla Liga Municipal Dominicana /. aSanto Domingo :bLiga Municipal,c[200?]. a102 p. :bil. ;c21 cm.1 aCuadernos municipalesaBiblioteca Municipalv11 0aCuadernos municipalesv11pBiblioteca Municipal969619 0010718PDaPDbPDcCTd2013-12-03iLF1l0o p42456-10r2020-06-25w2020-06-25yLFPDZNo se presta 0010718PDaPDbPDcHDd2013-12-03iLF1l0o p42456-20r2020-06-25te. 2w2020-06-25yLFPDZNo se presta c41945d41945